Planning gain: who gains? Joint day conference, R.T.P.I. and RICS, 4th November 1980 (Record no. 88695)

MARC details
000 -LEADER
fixed length control field 00596cam a2200205 4500
001 - CONTROL NUMBER
control field D15797
008 - FIXED-LENGTH DATA ELEMENTS--GENERAL INFORMATION
fixed length control field 090401t1980 xxu||||| |||| 00| 0 eng d
035 ## - SYSTEM CONTROL NUMBER
System control number (Sirsi) u25222
041 ## - LANGUAGE CODE
Language code of text/sound track or separate title eng
050 ## - LIBRARY OF CONGRESS CALL NUMBER
Classification number 711.4
110 ## - MAIN ENTRY--CORPORATE NAME
Corporate name or jurisdiction name as entry element Royal Institution of Chartered Surveyors
9 (RLIN) 4900
245 ## - TITLE STATEMENT
Title Planning gain: who gains? Joint day conference, R.T.P.I. and RICS, 4th November 1980
260 ## - PUBLICATION, DISTRIBUTION, ETC.
Place of publication, distribution, etc. London
Name of publisher, distributor, etc. RTPI
Date of publication, distribution, etc. 1980
300 ## - PHYSICAL DESCRIPTION
Extent 1 paper. 1 summary paper
350 ## - PRICE (NR) (BK AM CF MU VM SE) [OBSOLETE]
Price 0
520 ## - SUMMARY, ETC.
Summary, etc. Filed in box 1980/78AC
710 ## - ADDED ENTRY--CORPORATE NAME
Corporate name or jurisdiction name as entry element Planning & Development Division
9 (RLIN) 1240
942 ## - ADDED ENTRY ELEMENTS (KOHA)
Suppress in OPAC 0
948 ## - LOCAL PROCESSING INFORMATION (OCLC); SERIES PART DESIGNATOR (RLIN)
c (OCLC) 04/03/1997
Holdings
Withdrawn status Lost status Source of classification or shelving scheme Damaged status Not for loan Home library Current library Shelving location Date acquired Total Checkouts Full call number Barcode Date last seen Copy number Price effective from Koha item type
    Other/Generic Classification Scheme     London London RICS Boxes 14/09/1999   RICS 1980/78 30005392 06/08/2019 1 06/08/2019 Reference material
    Other/Generic Classification Scheme     London London RICS Boxes 09/08/1991   RICS 1980/78 30005393 06/08/2019 2 06/08/2019 Book
    Other/Generic Classification Scheme     London London RICS Boxes 28/10/1991   RICS 1980/78 30026636 06/08/2019 3 06/08/2019 Reference material